| 000 | 00456 a2200145 4500 | ||
|---|---|---|---|
| 040 |
_aDLC _bDLC |
||
| 082 | _a621.381 | ||
| 100 | _aNair, B. Somanathan | ||
| 245 |
_aDigital Electronics and Logic Design _cB. Somanathan Nair |
||
| 260 |
_a New Delhi : _bPrentice-Hall of India Pvt.Ltd. , _c2002 |
||
| 300 |
_axiv, 434 p. : _b ill. ; _c24 cm. |
||
| 500 | _aIncludes bibliographical references and index | ||
| 650 | _aLogic Design | ||
| 942 |
_cBK _k621.381 NAI _2ddc |
||
| 999 |
_c8044 _d8044 |
||